000
00296nam a22001337a 4500
008
170721b xxu||||| |||| 00| 0 eng d
020
_a
9780131529601
041
_a
eng
080
_a
004
100
_a
28
101
_a
SHKI
245
_a
FUNDAMENTALS OF AUTODESK
_c
ETHIER, S.J
942
_2
udc
_c
BK
999
_c
21714
_d
21714